Movies Quiz

Random Movies or Actress Quiz
Score 0/20 Timer 05:00
1 Play Today
% Correct
Harrison Ford - Raiders of the Lost Ark
93.9%
Will Ferrell - Anchorman
93.7%
Jamie Foxx - Charles Ray
92.6%
Jodie Foster - The Silence of the Lambs
91.2%
Henry Fonda - 12 Angry Men
90.2%
Brendan Fraser - The Mummy
90%
Martin Freeman - The Hobbit
89.5%
Megan Fox - Transformers
89.1%
Colin Firth - The King's Speech
88.1%
Laurence Fishburne - The Matrix
87%
% Correct
Joan Fontaine - Rebecca
86.6%
Morgan Freeman - Driving Miss Daisy
84.9%
Mia Farrow - Rosemary's Baby
84.1%
James Franco - 127 Hours
83%
Jenna Fischer - Blades of Glory
80.7%
Colin Farrell - In Bruges
77.2%
Farrah Fawcett - The Burning Bed
76.9%
Jane Fonda - Cat Ballou
66.1%
William Fichtner - Black Hawk Down
64.7%
Errol Flynn - The Adventures of Robin Hood
64.7%
Remove Ads.
Support Sporcle.
Get the best of Sporcle when you Go Orange. This ad-free experience offers more features, more stats, and more fun while also helping to support Sporcle. Thank you for becoming a member.

You're not logged in!

Compare scores with friends on all Sporcle quizzes.
OR
Log In

Show Comments

Extras

Top Quizzes Today


Score Distribution

Your Account Isn't Verified!

In order to create a playlist on Sporcle, you need to verify the email address you used during registration. Go to your Sporcle Settings to finish the process.

Report this User

Report this user for behavior that violates our Community Guidelines.

Details: